Marking Time on the Way to Democracy in Ukraine: A Causal Layered Analysis
Vytvorenie demokratického politického systému ako jedna z hlavných priorít Ukrajiny od získania nezávislosti v roku 1991. Poukázanie na neúčinnosť a povrchnosť politického systému. Použitie kauzálnej vrstvenej analýzy pre lepšie pochopenie absencie demokracie v krajine. Identifikácia kľúčových probl...
Enregistré dans:
| Auteur principal: | |
|---|---|
| Autres auteurs: | , |
| Format: | Chapitre de livre |
| Langue: | anglais |
| Sujets: | |
| Tags: |
Pas de tags, Soyez le premier à ajouter un tag!
|
MARC
| LEADER | 00000naa a2200000 4500 | ||
|---|---|---|---|
| 001 | 0274821 | ||
| 005 | 20210610094031.0 | ||
| 041 | 0 | |a eng | |
| 044 | |a CZ | ||
| 245 | 1 | 0 | |a Marking Time on the Way to Democracy in Ukraine: A Causal Layered Analysis |c Yaryna Turchyn, Petro Sukhorolskyi, Iryna Sukhorolska |
| 520 | |a Vytvorenie demokratického politického systému ako jedna z hlavných priorít Ukrajiny od získania nezávislosti v roku 1991. Poukázanie na neúčinnosť a povrchnosť politického systému. Použitie kauzálnej vrstvenej analýzy pre lepšie pochopenie absencie demokracie v krajine. Identifikácia kľúčových problémov a náčrt budúcej demokratizácie. | ||
| 610 | 2 | 0 | |a demokracia |
| 610 | 2 | 0 | |a analýzy |
| 610 | 2 | 0 | |a systémy politické |
| 610 | 2 | 0 | |a Ukrajina |
| 100 | 1 | |a Turchyn, Yaryna | |
| 700 | 1 | |a Sukhorolskyi, Petro | |
| 700 | 1 | |a Sukhorolska, Iryna | |